00418nam a2200157Ia 4500003000500000008004100005020001800046040001900064082000700083100001800090245007200108260005000180300001000230365000800240546001200248STCL230729s9999 xx 000 0 und d a9788120301450 aSTCLcSTCLbEN 222 aDeo, Narsingh 0aGraph theory: with applications to engineering and computer science bPHI Learning Private LimitedaNew Delhic2013 a478 p b250 aEnglish